Cinematografie minori dal 1959 ad oggi (Le) (Record n. 53550)
[ formato base ]
| 000 -LEADER | |
|---|---|
| fixed length control field | 01128nam a2200301Ia 4500 |
| 001 - CONTROL NUMBER | |
| control field | 24745 |
| 003 - CONTROL NUMBER IDENTIFIER | |
| control field | IT-RoPAU |
| 008 - FIXED-LENGTH DATA ELEMENTS--GENERAL INFORMATION | |
| fixed length control field | 130308s9999 xx 000 0 und d |
| 040 ## - CATALOGING SOURCE | |
| Original cataloging agency | IT-RoPAU |
| 040 ## - CATALOGING SOURCE | |
| Transcribing agency | IT-RoPAU |
| 041 ## - LANGUAGE CODE | |
| Language code of text/sound track or separate title | ITALIANO |
| 999 ## - SYSTEM CONTROL NUMBERS (KOHA) | |
| Koha Dewey Subclass [OBSOLETE] | SI |
| 100 ## - MAIN ENTRY--PERSONAL NAME | |
| Personal name | Toni Sandro |
| 100 ## - MAIN ENTRY--PERSONAL NAME | |
| Miscellaneous information | Codice Aut. SPICS: 684 |
| 245 ## - TITLE STATEMENT | |
| Title | Cinematografie minori dal 1959 ad oggi (Le) |
| 245 ## - TITLE STATEMENT | |
| Remainder of title | Cinema Contemporaneo |
| 250 ## - EDITION STATEMENT | |
| Edition statement | 1a ed. |
| 260 ## - PUBLICATION, DISTRIBUTION, ETC. (IMPRINT) | |
| Place of publication, distribution, etc. | ROMA |
| 260 ## - PUBLICATION, DISTRIBUTION, ETC. (IMPRINT) | |
| Name of publisher, distributor, etc. | Lucarini |
| 260 ## - PUBLICATION, DISTRIBUTION, ETC. (IMPRINT) | |
| Date of publication, distribution, etc. | 1981 [1° Ed.:1981 - Ed.Ling.Originale:1981] |
| 300 ## - PHYSICAL DESCRIPTION | |
| Extent | "27 p. (prefazione: no ; testo: 27 [pagine: 477-504])" |
| 500 ## - GENERAL NOTE | |
| General note | Cinema Svizzero Cinema spagnolo Cinema portoghese Cinema Olandese Cinema Belga Cinema Tedesco Cinema Greco Cinema Turco Cinema Canadese Cinema Australiano Cinema Africano Cinema Egiziano Cinema Algerino Cinema Tunisino Cinema Marocchino Cinema Senegalese Cinema degli Stati Arabi minori Cinema dell'Africa Nera e bianca Cinema della Costa D'Avorio del Niger e dell'Etiopia |
| 650 ## - SUBJECT ADDED ENTRY--TOPICAL TERM | |
| Topical term or geographic name as entry element | STORIA DEL CINEMA |
| 650 ## - SUBJECT ADDED ENTRY--TOPICAL TERM | |
| Relator term | Codice materia Spics: 6808 |
| 942 ## - ADDED ENTRY ELEMENTS (KOHA) | |
| Koha item type | LIBRO |
| 957 ## - | |
| -- | 1 |
| 999 ## - SYSTEM CONTROL NUMBERS (KOHA) | |
| -- | 1 |
| Withdrawn status | Lost status | Damaged status | Not for loan | Home library | Current library | Date acquired | Total Checkouts | Full call number | Date last seen | Price effective from | Koha item type | Public note |
|---|---|---|---|---|---|---|---|---|---|---|---|---|
| Buone Condizioni | Not For Loan | SPICS-MEDIATECA | SPICS-MEDIATECA | 08/03/2013 | 24745 | 08/03/2013 | 08/03/2013 | LIBRO | Progressivo inserimento: 36894 / N. Volumi: 0 [=Contributo] Copie: 1 Copia Rara: SI / data import: 1 marzo 2013 - By Epidotti, Trombetti, Vaglietti. |